000 01018nam a2200277Ia 4500
001 Para_8582
003 CHAP
008 220125s9999 xx 000 0 und d
010 _a207393
040 _cCHAP
082 _aPA-C 595.752 A6
100 _aAlfieri, Eagle
_9173983
245 _aSopra una specie probailmente nuova di afide gallecolo dell'olmo e sui suoi simbionti /
_c by Eagle Alfierí
300 _a15 p.
440 _aAphidae; 23
_9173975
500 _aSobretiro de: Bull. Lab. Zool. Sc. Agr. Portici, 14: 18-32, 1920. Encuadernado con otros impresos similares
650 _a
_x Afididos
_x Colecciones de escritos
_x Eriosoma lanigerum
_x Olmo
_x plagas
_9172106
710 _aBulletin Laboratory Zoology Science Agriculture Partici 14: 18
_x32, 1920. Encuadernado con otros impresos similares
_9173984
901 _aPA-C 595.752 A6
902 _aA
905 _a000000 0000000000 00
910 _a
942 _cPARA
942 _cPARA
_d1
999 _c207393
_d207393